| 000 | 00350nam a2200133Ia 4500 | ||
|---|---|---|---|
| 008 | 160319s9999 xx 000 0 und d | ||
| 020 | _a9789710729367 | ||
| 050 | _a959.9 | ||
| 050 | _bB676p 2006 | ||
| 100 | _aBoncan, Celestina P. | ||
| 245 | _aPhilippine Civilization History and Government / | ||
| 260 | _bVibal Pub. House Inc. | ||
| 260 | _c2006 | ||
| 999 |
_c292255 _d292255 |
||